Sports Quiz

Random Sports or NHL Quiz

Big 4 Stars Multiple Choice--Denver Quiz Stats

Quiz not verified by Sporcle

Challenge
Share
Tweet
Embed
Score 0/20 Timer 04:00
1 Play Today
Question Answer Wrong Answers
Peyton Manning Broncos
95.4%
Rockies
0.8%
Avalanche
0.3%
Nuggets
0.5%
John Elway Broncos
94.2%
Rockies
0.8%
Avalanche
0.3%
Nuggets
0.8%
Tim Tebow Broncos
93.9%
Rockies
1%
Avalanche
0.5%
Nuggets
0.8%
Terrell Davis Broncos
90.6%
Rockies
1%
Avalanche
1.5%
Nuggets
2.8%
Carmelo Anthony Nuggets
90.6%
Broncos
2.8%
Rockies
2%
Avalanche
1%
Carlos González Rockies
90.4%
Broncos
2.5%
Avalanche
1.3%
Nuggets
0.5%
Allen Iverson Nuggets
89.6%
Broncos
3.5%
Rockies
1.8%
Avalanche
2%
Joe Sakic Avalanche
88.6%
Broncos
2.3%
Rockies
2%
Nuggets
2.5%
Dikembe Mutombo Nuggets
88.1%
Broncos
3%
Rockies
2.8%
Avalanche
1.8%
Peter Forsberg Avalanche
87.1%
Broncos
3.3%
Rockies
4.1%
Nuggets
0.8%
Chauncey Billups Nuggets
86.8%
Broncos
4.6%
Rockies
2%
Avalanche
2%
Patrick Roy Avalanche
85.8%
Broncos
3.8%
Rockies
2%
Nuggets
4.1%
Andres Galarraga Rockies
85.3%
Broncos
2.3%
Avalanche
4.6%
Nuggets
3.5%
Todd Helton Rockies
85.1%
Broncos
4.3%
Avalanche
4.1%
Nuggets
2%
Troy Tulowitzki Rockies
84.1%
Broncos
2.8%
Avalanche
6.6%
Nuggets
2%
Jarome Iginla Avalanche
80.3%
Broncos
3.8%
Rockies
6.3%
Nuggets
5.3%
Adam Foote Avalanche
77.2%
Broncos
9.6%
Rockies
6.3%
Nuggets
2.5%
Larry Walker Rockies
77.2%
Broncos
8.1%
Avalanche
2.8%
Nuggets
7.6%
Ed McCaffrey Broncos
72.4%
Rockies
10.1%
Avalanche
3.5%
Nuggets
9.1%
Dan Issel Nuggets
61%
Broncos
7.3%
Rockies
8.6%
Avalanche
18.7%

You're not logged in!

Compare scores with friends on all Sporcle quizzes.
Join for Free
OR
Log In

You Might Also Like...

Show Comments

Extras

Top Quizzes Today


Score Distribution

Your Account Isn't Verified!

In order to create a playlist on Sporcle, you need to verify the email address you used during registration. Go to your Sporcle Settings to finish the process.

Report this User

Report this user for behavior that violates our Community Guidelines.

Details: